<?xml version="1.0" encoding="UTF-8"?>
<record
    xmlns:xsi="http://www.w3.org/2001/XMLSchema-instance"
    xsi:schemaLocation="http://www.loc.gov/MARC21/slim http://www.loc.gov/standards/marcxml/schema/MARC21slim.xsd"
    xmlns="http://www.loc.gov/MARC21/slim">

  <leader>01215nas a2200301 a 4500</leader>
  <controlfield tag="003">DO-SdBNP</controlfield>
  <controlfield tag="005">20250415100134.0</controlfield>
  <controlfield tag="007">ta</controlfield>
  <controlfield tag="008">25313 e2009    dr    ||ro   ||   |ospa ||   | </controlfield>
  <datafield tag="011" ind1=" " ind2=" ">
    <subfield code="a">          </subfield>
  </datafield>
  <datafield tag="022" ind1=" " ind2=" ">
    <subfield code="a">2075-0145</subfield>
  </datafield>
  <datafield tag="040" ind1=" " ind2=" ">
    <subfield code="a">DO-SdBNP</subfield>
    <subfield code="b">spa</subfield>
    <subfield code="c">DO-SdBNP</subfield>
    <subfield code="d">BNPHU</subfield>
    <subfield code="e">rda</subfield>
  </datafield>
  <datafield tag="041" ind1=" " ind2=" ">
    <subfield code="h">spa</subfield>
  </datafield>
  <datafield tag="110" ind1="2" ind2=" ">
    <subfield code="a">Archivo General de la Naci&#xF3;n (Rep&#xFA;blica Dominicana)</subfield>
    <subfield code="9">85400</subfield>
  </datafield>
  <datafield tag="245" ind1=" " ind2=" ">
    <subfield code="a">Memorias de quisqueya : (MQ) / </subfield>
    <subfield code="c">Archivo General de la Naci&#xF3;n (R.D.)</subfield>
  </datafield>
  <datafield tag="264" ind1=" " ind2=" ">
    <subfield code="a">Santo Domingo, Rep&#xFA;blica Dominicana :</subfield>
    <subfield code="b">Archivo General de la Naci&#xF3;n (R.D.),</subfield>
    <subfield code="c">2009.</subfield>
  </datafield>
  <datafield tag="300" ind1=" " ind2=" ">
    <subfield code="a">volumen : </subfield>
    <subfield code="b">ilustraciones, fotograf&#xED;as ; </subfield>
    <subfield code="c">28 cm.</subfield>
  </datafield>
  <datafield tag="310" ind1=" " ind2=" ">
    <subfield code="a">Trimestral</subfield>
  </datafield>
  <datafield tag="336" ind1=" " ind2=" ">
    <subfield code="a">texto</subfield>
    <subfield code="b">txt</subfield>
    <subfield code="2">rdacontent</subfield>
  </datafield>
  <datafield tag="337" ind1=" " ind2=" ">
    <subfield code="a">sin mediaci&#xF3;n </subfield>
    <subfield code="b">n</subfield>
    <subfield code="2">rdamedia</subfield>
  </datafield>
  <datafield tag="338" ind1=" " ind2=" ">
    <subfield code="a">volumen</subfield>
    <subfield code="b">nc</subfield>
    <subfield code="2">rdacarrier</subfield>
  </datafield>
  <datafield tag="362" ind1=" " ind2=" ">
    <subfield code="a">A&#xF1;o: 2009; N&#xFA;mero: 1.</subfield>
  </datafield>
  <datafield tag="520" ind1=" " ind2=" ">
    <subfield code="a">Revista educativa  del Archivo General de la Naci&#xF3;n, el Ministerio de Educaci&#xF3;n y el Instituto Superior  de Formaci&#xF3;n Docente Salom&#xE9; Ure&#xF1;a.</subfield>
  </datafield>
  <datafield tag="650" ind1=" " ind2=" ">
    <subfield code="9">2084</subfield>
    <subfield code="a">Educaci&#xF3;n</subfield>
    <subfield code="v">Publicaci&#xF3;n peri&#xF3;dica</subfield>
    <subfield code="z">Rep&#xFA;blica Dominicana</subfield>
  </datafield>
  <datafield tag="650" ind1=" " ind2=" ">
    <subfield code="9">50428</subfield>
    <subfield code="a">Patrimonio documental</subfield>
    <subfield code="v">Publicaci&#xF3;n peri&#xF3;dica</subfield>
    <subfield code="x">Educaci&#xF3;n</subfield>
  </datafield>
  <datafield tag="651" ind1=" " ind2=" ">
    <subfield code="z">Rep&#xFA;blica Dominicana</subfield>
  </datafield>
  <datafield tag="942" ind1=" " ind2=" ">
    <subfield code="2">ddc</subfield>
    <subfield code="c">ISSUE</subfield>
  </datafield>
  <datafield tag="952" ind1=" " ind2=" ">
    <subfield code="0">0</subfield>
    <subfield code="1">0</subfield>
    <subfield code="2">ddc</subfield>
    <subfield code="5">6</subfield>
    <subfield code="7">0</subfield>
    <subfield code="8">SE</subfield>
    <subfield code="a">BNPHU</subfield>
    <subfield code="b">BNPHU</subfield>
    <subfield code="d">2025-03-13</subfield>
    <subfield code="h">A&#xF1;o: 2009, N&#xFA;mero: 1</subfield>
    <subfield code="l">0</subfield>
    <subfield code="p">2025-1856</subfield>
    <subfield code="r">2025-03-13</subfield>
    <subfield code="t">e.1</subfield>
    <subfield code="w">2025-03-13</subfield>
    <subfield code="y">ISSUE</subfield>
    <subfield code="z">El aula como laboratorio.</subfield>
  </datafield>
  <datafield tag="952" ind1=" " ind2=" ">
    <subfield code="0">0</subfield>
    <subfield code="1">0</subfield>
    <subfield code="2">ddc</subfield>
    <subfield code="5">6</subfield>
    <subfield code="7">0</subfield>
    <subfield code="8">SE</subfield>
    <subfield code="a">BNPHU</subfield>
    <subfield code="b">BNPHU</subfield>
    <subfield code="d">2025-03-13</subfield>
    <subfield code="h">A&#xF1;o: 2009, N&#xFA;mero: 1</subfield>
    <subfield code="l">0</subfield>
    <subfield code="p">2025-1836</subfield>
    <subfield code="r">2025-03-13</subfield>
    <subfield code="t">e.2</subfield>
    <subfield code="w">2025-03-13</subfield>
    <subfield code="y">ISSUE</subfield>
    <subfield code="z">El aula como laboratorio.</subfield>
  </datafield>
  <datafield tag="952" ind1=" " ind2=" ">
    <subfield code="0">0</subfield>
    <subfield code="1">0</subfield>
    <subfield code="2">ddc</subfield>
    <subfield code="5">6</subfield>
    <subfield code="7">0</subfield>
    <subfield code="8">SE</subfield>
    <subfield code="a">BNPHU</subfield>
    <subfield code="b">BNPHU</subfield>
    <subfield code="d">2025-03-13</subfield>
    <subfield code="h">A&#xF1;o: 2009, N&#xFA;mero: 1</subfield>
    <subfield code="l">0</subfield>
    <subfield code="p">2025-1837</subfield>
    <subfield code="r">2025-03-13</subfield>
    <subfield code="t">e.3</subfield>
    <subfield code="w">2025-03-13</subfield>
    <subfield code="y">ISSUE</subfield>
    <subfield code="z">El aula como laboratorio.</subfield>
  </datafield>
  <datafield tag="952" ind1=" " ind2=" ">
    <subfield code="0">0</subfield>
    <subfield code="1">0</subfield>
    <subfield code="2">ddc</subfield>
    <subfield code="5">6</subfield>
    <subfield code="7">0</subfield>
    <subfield code="8">SE</subfield>
    <subfield code="a">BNPHU</subfield>
    <subfield code="b">BNPHU</subfield>
    <subfield code="d">2025-03-13</subfield>
    <subfield code="h">A&#xF1;o: 2010 enero-marzo, N&#xFA;mero: 2</subfield>
    <subfield code="l">0</subfield>
    <subfield code="p">2025-1838</subfield>
    <subfield code="r">2025-03-13</subfield>
    <subfield code="t">e.1</subfield>
    <subfield code="w">2025-03-13</subfield>
    <subfield code="y">ISSUE</subfield>
    <subfield code="z">La identidad cultural dominicana.</subfield>
  </datafield>
  <datafield tag="952" ind1=" " ind2=" ">
    <subfield code="0">0</subfield>
    <subfield code="1">0</subfield>
    <subfield code="2">ddc</subfield>
    <subfield code="5">6</subfield>
    <subfield code="7">0</subfield>
    <subfield code="8">SE</subfield>
    <subfield code="a">BNPHU</subfield>
    <subfield code="b">BNPHU</subfield>
    <subfield code="d">2025-03-13</subfield>
    <subfield code="h">A&#xF1;o: 2010 enero-marzo, N&#xFA;mero: 2</subfield>
    <subfield code="l">0</subfield>
    <subfield code="p">2025-1839</subfield>
    <subfield code="r">2025-03-13</subfield>
    <subfield code="t">e.2</subfield>
    <subfield code="w">2025-03-13</subfield>
    <subfield code="y">ISSUE</subfield>
    <subfield code="z">La identidad cultural dominicana.</subfield>
  </datafield>
  <datafield tag="952" ind1=" " ind2=" ">
    <subfield code="0">0</subfield>
    <subfield code="1">0</subfield>
    <subfield code="2">ddc</subfield>
    <subfield code="5">6</subfield>
    <subfield code="7">0</subfield>
    <subfield code="8">SE</subfield>
    <subfield code="a">BNPHU</subfield>
    <subfield code="b">BNPHU</subfield>
    <subfield code="d">2025-03-13</subfield>
    <subfield code="h">A&#xF1;o: 2010 enero-marzo, N&#xFA;mero: 2</subfield>
    <subfield code="l">0</subfield>
    <subfield code="p">2025-1840</subfield>
    <subfield code="r">2025-03-13</subfield>
    <subfield code="t">e.3</subfield>
    <subfield code="w">2025-03-13</subfield>
    <subfield code="y">ISSUE</subfield>
    <subfield code="z">La identidad cultural dominicana.</subfield>
  </datafield>
  <datafield tag="952" ind1=" " ind2=" ">
    <subfield code="0">0</subfield>
    <subfield code="1">0</subfield>
    <subfield code="2">ddc</subfield>
    <subfield code="5">6</subfield>
    <subfield code="7">0</subfield>
    <subfield code="8">SE</subfield>
    <subfield code="a">BNPHU</subfield>
    <subfield code="b">BNPHU</subfield>
    <subfield code="d">2025-03-13</subfield>
    <subfield code="h">A&#xF1;o: 2010 enero-marzo, N&#xFA;mero: 2</subfield>
    <subfield code="l">0</subfield>
    <subfield code="p">2025-1841</subfield>
    <subfield code="r">2025-03-13</subfield>
    <subfield code="t">e.4</subfield>
    <subfield code="w">2025-03-13</subfield>
    <subfield code="y">ISSUE</subfield>
    <subfield code="z">La identidad cultural dominicana.</subfield>
  </datafield>
  <datafield tag="952" ind1=" " ind2=" ">
    <subfield code="0">0</subfield>
    <subfield code="1">0</subfield>
    <subfield code="2">ddc</subfield>
    <subfield code="5">6</subfield>
    <subfield code="7">0</subfield>
    <subfield code="8">SE</subfield>
    <subfield code="a">BNPHU</subfield>
    <subfield code="b">BNPHU</subfield>
    <subfield code="d">2025-03-13</subfield>
    <subfield code="h">A&#xF1;o: 2010 abril-junio, N&#xFA;mero: 3</subfield>
    <subfield code="l">0</subfield>
    <subfield code="p">2025-1842</subfield>
    <subfield code="r">2025-03-13</subfield>
    <subfield code="t">e.1</subfield>
    <subfield code="w">2025-03-13</subfield>
    <subfield code="y">ISSUE</subfield>
    <subfield code="z">La Revoluci&#xF3;n de Abril.</subfield>
  </datafield>
  <datafield tag="952" ind1=" " ind2=" ">
    <subfield code="0">0</subfield>
    <subfield code="1">0</subfield>
    <subfield code="2">ddc</subfield>
    <subfield code="5">6</subfield>
    <subfield code="7">0</subfield>
    <subfield code="8">SE</subfield>
    <subfield code="a">BNPHU</subfield>
    <subfield code="b">BNPHU</subfield>
    <subfield code="d">2025-03-13</subfield>
    <subfield code="h">A&#xF1;o: 2010 abril-junio, N&#xFA;mero: 3</subfield>
    <subfield code="l">0</subfield>
    <subfield code="p">2025-1843</subfield>
    <subfield code="r">2025-03-13</subfield>
    <subfield code="t">e.2</subfield>
    <subfield code="w">2025-03-13</subfield>
    <subfield code="y">ISSUE</subfield>
    <subfield code="z">La Revoluci&#xF3;n de Abril.</subfield>
  </datafield>
  <datafield tag="952" ind1=" " ind2=" ">
    <subfield code="0">0</subfield>
    <subfield code="1">0</subfield>
    <subfield code="2">ddc</subfield>
    <subfield code="5">6</subfield>
    <subfield code="7">0</subfield>
    <subfield code="8">SE</subfield>
    <subfield code="a">BNPHU</subfield>
    <subfield code="b">BNPHU</subfield>
    <subfield code="d">2025-03-13</subfield>
    <subfield code="h">A&#xF1;o: 2010 abril-junio, N&#xFA;mero: 3</subfield>
    <subfield code="l">0</subfield>
    <subfield code="p">2025-1844</subfield>
    <subfield code="r">2025-03-13</subfield>
    <subfield code="t">e.3</subfield>
    <subfield code="w">2025-03-13</subfield>
    <subfield code="y">ISSUE</subfield>
    <subfield code="z">La Revoluci&#xF3;n de Abril.</subfield>
  </datafield>
  <datafield tag="952" ind1=" " ind2=" ">
    <subfield code="0">0</subfield>
    <subfield code="1">0</subfield>
    <subfield code="2">ddc</subfield>
    <subfield code="5">6</subfield>
    <subfield code="7">0</subfield>
    <subfield code="8">SE</subfield>
    <subfield code="a">BNPHU</subfield>
    <subfield code="b">BNPHU</subfield>
    <subfield code="d">2025-03-13</subfield>
    <subfield code="h">A&#xF1;o: 2010 julio-septiembre, N&#xFA;mero: 4</subfield>
    <subfield code="l">0</subfield>
    <subfield code="p">2025-1845</subfield>
    <subfield code="r">2025-03-13</subfield>
    <subfield code="t">e.1</subfield>
    <subfield code="w">2025-03-13</subfield>
    <subfield code="y">ISSUE</subfield>
    <subfield code="z">La Guerra de la Restauraci&#xF3;n. </subfield>
  </datafield>
  <datafield tag="952" ind1=" " ind2=" ">
    <subfield code="0">0</subfield>
    <subfield code="1">0</subfield>
    <subfield code="2">ddc</subfield>
    <subfield code="5">6</subfield>
    <subfield code="7">0</subfield>
    <subfield code="8">SE</subfield>
    <subfield code="a">BNPHU</subfield>
    <subfield code="b">BNPHU</subfield>
    <subfield code="d">2025-03-13</subfield>
    <subfield code="h">A&#xF1;o: 2010 julio-septiembre, N&#xFA;mero: 4</subfield>
    <subfield code="l">0</subfield>
    <subfield code="p">2025-1846</subfield>
    <subfield code="r">2025-03-13</subfield>
    <subfield code="t">e.2</subfield>
    <subfield code="w">2025-03-13</subfield>
    <subfield code="y">ISSUE</subfield>
    <subfield code="z">La Guerra de la Restauraci&#xF3;n. </subfield>
  </datafield>
  <datafield tag="952" ind1=" " ind2=" ">
    <subfield code="0">0</subfield>
    <subfield code="1">0</subfield>
    <subfield code="2">ddc</subfield>
    <subfield code="5">6</subfield>
    <subfield code="7">0</subfield>
    <subfield code="8">SE</subfield>
    <subfield code="a">BNPHU</subfield>
    <subfield code="b">BNPHU</subfield>
    <subfield code="d">2025-03-13</subfield>
    <subfield code="h">A&#xF1;o: 2010 julio-septiembre, N&#xFA;mero: 4</subfield>
    <subfield code="l">0</subfield>
    <subfield code="p">2025-1847</subfield>
    <subfield code="r">2025-03-13</subfield>
    <subfield code="t">e.3</subfield>
    <subfield code="w">2025-03-13</subfield>
    <subfield code="y">ISSUE</subfield>
    <subfield code="z">La Guerra de la Restauraci&#xF3;n. </subfield>
  </datafield>
  <datafield tag="952" ind1=" " ind2=" ">
    <subfield code="0">0</subfield>
    <subfield code="1">0</subfield>
    <subfield code="2">ddc</subfield>
    <subfield code="5">6</subfield>
    <subfield code="7">0</subfield>
    <subfield code="8">SE</subfield>
    <subfield code="a">BNPHU</subfield>
    <subfield code="b">BNPHU</subfield>
    <subfield code="d">2025-03-13</subfield>
    <subfield code="h">A&#xF1;o: 2010 julio-septiembre, N&#xFA;mero: 4</subfield>
    <subfield code="l">0</subfield>
    <subfield code="p">2025-1848</subfield>
    <subfield code="r">2025-03-13</subfield>
    <subfield code="t">e.4</subfield>
    <subfield code="w">2025-03-13</subfield>
    <subfield code="y">ISSUE</subfield>
    <subfield code="z">La Guerra de la Restauraci&#xF3;n. </subfield>
  </datafield>
  <datafield tag="952" ind1=" " ind2=" ">
    <subfield code="0">0</subfield>
    <subfield code="1">0</subfield>
    <subfield code="2">ddc</subfield>
    <subfield code="5">6</subfield>
    <subfield code="7">0</subfield>
    <subfield code="8">SE</subfield>
    <subfield code="a">BNPHU</subfield>
    <subfield code="b">BNPHU</subfield>
    <subfield code="d">2025-03-13</subfield>
    <subfield code="h">A&#xF1;o: 2010 julio-septiembre, N&#xFA;mero: 4</subfield>
    <subfield code="l">0</subfield>
    <subfield code="p">2025-1849</subfield>
    <subfield code="r">2025-03-13</subfield>
    <subfield code="t">e.5</subfield>
    <subfield code="w">2025-03-13</subfield>
    <subfield code="y">ISSUE</subfield>
    <subfield code="z">La Guerra de la Restauraci&#xF3;n. </subfield>
  </datafield>
  <datafield tag="952" ind1=" " ind2=" ">
    <subfield code="0">0</subfield>
    <subfield code="1">0</subfield>
    <subfield code="2">ddc</subfield>
    <subfield code="5">6</subfield>
    <subfield code="7">0</subfield>
    <subfield code="8">SE</subfield>
    <subfield code="a">BNPHU</subfield>
    <subfield code="b">BNPHU</subfield>
    <subfield code="d">2025-03-13</subfield>
    <subfield code="h">A&#xF1;o: 2010 julio-septiembre, N&#xFA;mero: 4</subfield>
    <subfield code="l">0</subfield>
    <subfield code="p">2025-1850</subfield>
    <subfield code="r">2025-03-13</subfield>
    <subfield code="t">e.6</subfield>
    <subfield code="w">2025-03-13</subfield>
    <subfield code="y">ISSUE</subfield>
    <subfield code="z">La Guerra de la Restauraci&#xF3;n. </subfield>
  </datafield>
  <datafield tag="952" ind1=" " ind2=" ">
    <subfield code="0">0</subfield>
    <subfield code="1">0</subfield>
    <subfield code="2">ddc</subfield>
    <subfield code="5">6</subfield>
    <subfield code="7">0</subfield>
    <subfield code="8">SE</subfield>
    <subfield code="a">BNPHU</subfield>
    <subfield code="b">BNPHU</subfield>
    <subfield code="d">2025-03-13</subfield>
    <subfield code="h">A&#xF1;o: 2014 julio, N&#xFA;mero: 5</subfield>
    <subfield code="l">0</subfield>
    <subfield code="p">2025-1851</subfield>
    <subfield code="r">2025-03-13</subfield>
    <subfield code="t">e.1</subfield>
    <subfield code="w">2025-03-13</subfield>
    <subfield code="y">ISSUE</subfield>
    <subfield code="z">Exposici&#xF3;n: Manolo en las Manaclas. </subfield>
  </datafield>
  <datafield tag="952" ind1=" " ind2=" ">
    <subfield code="0">0</subfield>
    <subfield code="1">0</subfield>
    <subfield code="2">ddc</subfield>
    <subfield code="5">6</subfield>
    <subfield code="7">0</subfield>
    <subfield code="8">SE</subfield>
    <subfield code="a">BNPHU</subfield>
    <subfield code="b">BNPHU</subfield>
    <subfield code="d">2025-03-13</subfield>
    <subfield code="h">A&#xF1;o: 2014 julio, N&#xFA;mero: 5</subfield>
    <subfield code="l">0</subfield>
    <subfield code="p">2025-1852</subfield>
    <subfield code="r">2025-03-13</subfield>
    <subfield code="t">e.2</subfield>
    <subfield code="w">2025-03-13</subfield>
    <subfield code="y">ISSUE</subfield>
    <subfield code="z">Exposici&#xF3;n: Manolo en las Manaclas. </subfield>
  </datafield>
  <datafield tag="952" ind1=" " ind2=" ">
    <subfield code="0">0</subfield>
    <subfield code="1">0</subfield>
    <subfield code="2">ddc</subfield>
    <subfield code="5">6</subfield>
    <subfield code="7">0</subfield>
    <subfield code="8">SE</subfield>
    <subfield code="a">BNPHU</subfield>
    <subfield code="b">BNPHU</subfield>
    <subfield code="d">2025-03-13</subfield>
    <subfield code="h">A&#xF1;o: 2014 julio, N&#xFA;mero: 5</subfield>
    <subfield code="l">0</subfield>
    <subfield code="p">2025-1853</subfield>
    <subfield code="r">2025-03-13</subfield>
    <subfield code="t">e.3</subfield>
    <subfield code="w">2025-03-13</subfield>
    <subfield code="y">ISSUE</subfield>
    <subfield code="z">Exposici&#xF3;n: Manolo en las Manaclas. </subfield>
  </datafield>
  <datafield tag="999" ind1=" " ind2=" ">
    <subfield code="c">58418</subfield>
    <subfield code="d">58418</subfield>
  </datafield>
</record>
